عرض عادي
عرض مارك
- Doppler ultrasonography.
مدخل مصطلح موضوعي
001 - رقم الضبط
- حقل الضبط: 10930
003 - معرف رقم الضبط
- حقل الضبط: OSt
005 - تاريخ ووقت أخر عملية
- حقل الضبط: 20120416203505.0
008 - عناصر بيانات ثابتة الطول
- حقل تحكم ثابت الطول: 120416|||a|||||| | ||| d
040 ## - مصدر الفهرسة
- هيئة الفهرسة الأصلية: OSt
- وكالة الكتابة: OSt
150 ## - مدخل-- مصطلح تاريخي
- عنصر مدخل المصطلح الموضوعي او الاسم الجغرافي: Doppler ultrasonography.
670 ## - بيانات المصدر موجوده
- الاستشهاد بالمصدر: Work cat.: (OSt)23834: Doppler ultrasound in gynecology and obstetrics /, c2004.
